Australian Sports People - Statistics

General Stats
  • This quiz has been taken 355 times
    297 since last reset
  • The average score is 8 of 23
Answer Stats
Hint Answer % Correct
Cricketer who averaged 99.94 Don Bradman
91%
Swimmer who has won the most Olympic gold medals for Australia Ian Thorpe
72%
Crickets leading wicket taker for Australia Shane Warne
72%
2011 Tour De France winner Cadel Evans
47%
Cricketer who drank 52 cans of beer on a flight to england. Legendary moustache David Boon
43%
Basketballer who is the NBLs alltime leading point scorer, played for Melbourne Tigers Andrew Gaze
41%
Tennis player who won the 97 and 98 US Open title Pat Rafter
40%
AFL player/coach, Hawthorn champion player and Brisbane Lions coach for their 01-03 premierships Leigh Matthews
39%
The most recent and the youngest rugby league immortal Andrew Johns
35%
Australias first Winter Olympic gold medalist Stephen Bradbury
31%
Swimmer accused of stealing a flag at the 1964 Olympics Dawn Fraser
29%
Australias NBA champion with the Chicago Bulls. Won the NBA from 96-98 Luc Longley
28%
Female surfer who won 6 straight world titles Layne Beachley
27%
1996 Atlanta Olympics 1500m swimming gold medalist Kieren Perkins
25%
Formula One champion 59, 60 and 66 Jack Brabham
23%
Rugby player who captained Australia to World Cup victory in 1999. Goal kicking forward John Eales
20%
Diver who won the 10m platform event at the 2008 Beijing Olympics Matthew Mitcham
20%
Australian netball goal keeper, captain from 2004-07 Liz Ellis
18%
Rugby league player known as the little master, played and coached South Sydney Clive Churchill
16%
Golfer who lost his arm at the peak of his career Jack Newton
14%
Afl player who revolutionised ruckwork and the handball Graham Farmer
12%
4 time surfing champion from 79-82 Mark Richards
7%
Archer who won a gold medal at the 2000 Sydney Olympics Simon Fairweather
5%
No matching quizzes found
Score Distribution
Percent of People with Each Score
Percentile by Number Answered
Your Score History
You have not taken this quiz since the last reset